Presidential address: (Record no. 506401)

000 -LEADER
fixed length control field 00518nam a2200157Ia 4500
008 - FIXED-LENGTH DATA ELEMENTS--GENERAL INFORMATION
fixed length control field 181130s2018 xx 000 0 und d
100 ## - MAIN ENTRY--PERSONAL NAME
Personal name Heinrich, Carolyn J.
245 ## - TITLE STATEMENT
Title Presidential address:
Remainder of title a thousand Petty Fortresses: administrative burden in U.S. immigration policies and its consequences
260 ## - PUBLICATION, DISTRIBUTION, ETC.
Date of publication, distribution, etc. 2018
300 ## - PHYSICAL DESCRIPTION
Extent p.211-239.
504 ## - BIBLIOGRAPHY, ETC. NOTE
-- Spring
650 ## - SUBJECT ADDED ENTRY--TOPICAL TERM
Topical term or geographic name entry element Immigration
650 ## - SUBJECT ADDED ENTRY--TOPICAL TERM
Topical term or geographic name entry element Immigration - Policy - U.S.A.
773 ## - HOST ITEM ENTRY
Main entry heading Journal of Policy Analysis and Management
906 ## - LOCAL DATA ELEMENT F, LDF (RLIN)
a Immigration
Holdings
Withdrawn status Lost status Damaged status Not for loan Permanent Location Current Location Date acquired Serial Enumeration / chronology Barcode Date last seen Price effective from Koha item type
        Indian Institute of Public Administration Indian Institute of Public Administration 2018-12-07 37(2), Spring, 2018: p.211-239. AR118196 2018-12-07 2018-12-07 Articles

Powered by Koha